[Event "XXXIII Open"]
[Site "Barbera del Valles ESP"]
[Date "2010.07.09"]
[Round "6"]
[White "Ipatov,A ESP"]
[Black "Fedorchuk,S"]
[Result "1/2-1/2"]
[WhiteElo "2507"]
[BlackElo "2665"]

1.d4 Nf6 2.c4 e6 3.Nc3 Bb4 4.f3 d5 5.a3 Bxc3+ 6.bxc3 c5 7.cxd5 Nxd5 8.dxc5 Qa5
9.e4 Nf6 10.Be3 O-O 11.Qb3 Nfd7 12.a4 Qc7 13.Qa3 b6 14.cxb6 axb6 15.Nh3 Ba6
16.Bxa6 Nxa6 17.O-O Nac5 18.Qb4 Ra5 19.Ra3 Rfa8 20.Rfa1 Qc6 21.Nf4 Rxa4 22.Rxa4 Rxa4
23.Rxa4 Qxa4 24.Qxa4 Nxa4 25.Bd2 b5 26.Kf2 Kf8 27.Ne2 e5 28.Ng3 g6 29.Nf1 Ke7
30.Ne3 Ndb6 31.Ke2  1/2-1/2

[Event "38th TCh-GRE DivA"]
[Site "Peristeri GRE"]
[Date "2010.07.10"]
[Round "6"]
[White "Tsiamis,K"]
[Black "Vuilleumier,A"]
[Result "1/2-1/2"]
[WhiteElo "2290"]
[BlackElo "2361"]

1.d4 Nf6 2.c4 e6 3.Nc3 Bb4 4.f3 c5 5.d5 d6 6.e4 Bxc3+ 7.bxc3 e5 8.Bd3 Nbd7
9.Ne2 h6 10.Bc2 Qe7 11.Ba4 O-O 12.Bxd7 Bxd7 13.g4 Kh7 14.Ng3 Ng8 15.h4 g6
16.a4 f5 17.h5 fxg4 18.hxg6+ Kxg6 19.fxg4 Rf4 20.Bxf4 exf4 21.Qd3 fxg3 22.e5+ Kg7
23.e6 g2 24.Rg1 Qh4+ 25.Kd2 Rf8 26.exd7 Rf2+ 27.Kc1 Qh2 28.Rd1 g1=Q 29.d8=Q Qf4+
30.Kb1 Qxd1+ 31.Qxd1 Qe4+ 32.Kc1 Qe3+ 33.Kb1 Qe4+ 34.Kc1 Qe3+ 35.Kb1 Rd2
36.Qd7+ Kh8 37.Qxd2 Qxd2 38.Qxb7 Nf6 39.Qb8+ Kg7 40.Qc7+ Kg6 41.Qxd6 Qxc3
42.Qf4 Qb3+ 43.Kc1 Qc3+ 44.Kb1 Qb3+  1/2-1/2

[Event "7th South Wales Int"]
[Site "Treforest WLS"]
[Date "2010.07.14"]
[Round "8"]
[White "Marusenko,P"]
[Black "Georgiev,Vl"]
[Result "1/2-1/2"]
[WhiteElo "2233"]
[BlackElo "2586"]

1.d4 Nf6 2.c4 e6 3.Nc3 Bb4 4.f3 d5 5.a3 Be7 6.e4 dxe4 7.fxe4 e5 8.d5 Bc5
9.Nf3 Bg4 10.h3 Bxf3 11.Qxf3 a5 12.Bd3 O-O 13.Bd2 Nbd7 14.O-O-O Ne8 15.g4 Be7
16.Kb1 Nc5 17.Ne2 Bg5 18.Bc3 Nd6 19.Bxe5 Qe7 20.Bf4 Bxf4 21.Qxf4 Rae8 22.Nd4 Nxd3
23.Rxd3 Qxe4 24.Qxe4 Nxe4 25.Rc1 Nc5 26.Rf3 a4 27.b4 axb3 28.Nxb3 Ne4 29.Kc2 b6
30.a4 Nd6 31.Kd3 f5 32.Nd4 fxg4 33.Rxf8+ Kxf8 34.hxg4 Ra8 35.Nb5 Rxa4 36.Nxc7 Kf7
37.Ne6 h6 38.Rf1+ Kg6 39.Rc1 Ra3+ 40.Rc3 Rxc3+ 41.Kxc3 Kf6  1/2-1/2

[Event "XII Open"]
[Site "Sant Marti ESP"]
[Date "2010.07.20"]
[Round "8"]
[White "Moskalenko,V1"]
[Black "Gonzalez Garcia,J2"]
[Result "1-0"]
[WhiteElo "2565"]
[BlackElo "2508"]

1.d4 e6 2.c4 Nf6 3.Nc3 Bb4 4.f3 d5 5.a3 Bxc3+ 6.bxc3 O-O 7.cxd5 exd5 8.e3 Nh5
9.g3 b6 10.Ra2 c5 11.Rf2 cxd4 12.cxd4 Ba6 13.Bxa6 Nxa6 14.g4 Nf6 15.Ne2 Nc7
16.h4 h5 17.g5 Nfe8 18.e4 g6 19.Bf4 Rc8 20.Qb3 Qd7 21.O-O Nd6 22.Ng3 Nc4
23.Be5 Nxe5 24.dxe5 Qh3 25.f4 dxe4 26.Rh2 Qe6 27.Qxe6 Nxe6 28.Nxe4 Nd4 29.Nd6 Rc3
30.Rhf2 Nf5 31.Nxf5 gxf5 32.Rd1 Rxa3 33.Rd6 Rg3+ 34.Kh2 Rg4 35.Rf6 Rxh4+
36.Kg3 Rg4+ 37.Kf3 Rc8 38.Rxf5 Rc3+ 39.Ke4 h4 40.Rf6 h3 41.Rd2 Rc7 42.Kf3 Rg2
43.Rd4 Kg7 44.Rh6 Rgc2 45.f5 R7c6 46.Kg4 R2c4 47.f6+ Kg8 48.Rxc4 Rxc4+ 49.Kf5 Rc1
50.Rxh3 Rf1+ 51.Kg4 Rg1+ 52.Kh5 Kh7 53.e6 fxe6 54.Rd3 Rh1+ 55.Kg4 Rg1+ 56.Kh4 Rh1+
57.Kg4 Rg1+ 58.Kh4 Rh1+ 59.Kg3 Kg8 60.Rc3 Rg1+ 61.Kf4 Rf1+ 62.Kg4  1-0

[Event "MTO"]
[Site "Biel SUI"]
[Date "2010.07.21"]
[Round "3"]
[White "Ulibin,M"]
[Black "De Groote,E"]
[Result "1-0"]
[WhiteElo "2540"]
[BlackElo "2251"]

1.d4 Nf6 2.c4 e6 3.Nc3 Bb4 4.f3 c5 5.d5 b5 6.e4 O-O 7.Bd2 exd5 8.Nxd5 Nxd5
9.cxd5 f5 10.Bxb4 cxb4 11.e5 f4 12.Qd4 Qb6 13.O-O-O Na6 14.Nh3 Qa5 15.Nxf4 b3
16.a3 b4 17.d6 Rxf4 18.Qxf4 Bb7 19.Bc4+ Kh8 20.a4 Rc8 21.Kd2 Bd5 22.Bxd5 Qxd5+
23.Ke3 Qg8 24.Qf5 Nc5 25.Rc1 h6 26.a5 Rf8 27.Qg4 Qd5 28.Qd4  1-0

[Event "3rd Open"]
[Site "Paleochora GRE"]
[Date "2010.07.22"]
[Round "1"]
[White "Volkov,Sergey1"]
[Black "De Lisa,C"]
[Result "1-0"]
[WhiteElo "2597"]
[BlackElo "1734"]

1.d4 Nf6 2.c4 e6 3.Nc3 Bb4 4.f3 d5 5.a3 Bxc3+ 6.bxc3 c5 7.cxd5 cxd4 8.cxd4 Qa5+
9.Qd2 Qxd2+ 10.Bxd2 Nxd5 11.e4 Ne7 12.Bc4 O-O 13.Ne2 b6 14.a4 Ba6 15.Bb5 Rd8
16.Kf2 f5 17.Rhc1 fxe4 18.fxe4 Bxb5 19.axb5 a5 20.Bg5 Rf8+ 21.Ke3 Ra7 22.Nf4 e5
23.dxe5 Re8 24.e6 h6 25.Bxe7 Raxe7 26.Rf1 g5 27.Nd5 Rxe6 28.Nf6+ Kg7 29.Nxe8+ Rxe8
30.Rac1 Re7 31.Rc8 Nd7 32.Rc7  1-0

[Event "Andorra Open"]
[Site "La Massana AND"]
[Date "2010.07.24"]
[Round "8"]
[White "Arizmendi Martinez,J"]
[Black "Cori T.,D"]
[Result "1-0"]
[WhiteElo "2532"]
[BlackElo "2403"]

1.d4 Nf6 2.c4 e6 3.Nc3 Bb4 4.f3 d5 5.a3 Bxc3+ 6.bxc3 O-O 7.cxd5 exd5 8.e3 b6
9.Bd3 Ba6 10.Ne2 Bxd3 11.Qxd3 Nc6 12.O-O Na5 13.Rb1 Qe8 14.Ng3 Qc6 15.e4 dxe4
16.fxe4 Rae8 17.Rf4 Qc4 18.Qd2 Qe6 19.Qc2 h6 20.Bd2 Nc4 21.Rbf1 Nh7 22.Bc1 Ng5
23.e5 b5 24.h4 Nh7 25.Nf5 Kh8 26.Rg4 Rg8 27.Qd3 f6 28.Rg6 Qd7 29.exf6 gxf6
30.Nxh6 Rg7 31.Qg3 Nd6 32.h5 Ne4 33.Qf3 c6 34.Nf5 Neg5 35.Bxg5 Nxg5 36.Qg4 Rh7
37.Rxf6 Ne4 38.Qxe4  1-0

[Event "21st Czech GM Open"]
[Site "Pardubice CZE"]
[Date "2010.07.25"]
[Round "3"]
[White "Richter,Mic"]
[Black "Ghaem Maghami,E"]
[Result "0-1"]
[WhiteElo "2428"]
[BlackElo "2585"]

1.d4 Nf6 2.c4 e6 3.Nc3 Bb4 4.f3 d5 5.a3 Bd6 6.c5 Be7 7.e3 b6 8.b4 O-O 9.Bd3 c6
10.f4 Ba6 11.Bxa6 Nxa6 12.Nf3 Ne4 13.Nxe4 dxe4 14.Ne5 Nb8 15.O-O Qd5 16.Qc2 f6
17.cxb6 axb6 18.Nc4 Nd7 19.Bb2 Rfc8 20.Rac1 b5 21.Nd2 f5 22.Kh1 Nb6 23.Rg1 h5
24.Qd1 g6 25.Qc2 Kf7 26.g3 Rc7 27.h4 Qd8 28.Nb3 Nc4 29.Qe2 Qd5 30.Rxc4 Qxc4
31.Qxc4 bxc4 32.Na5 Rxa5 33.bxa5 Ra7 34.Bc3 Bd8 35.Rc1 Bxa5 36.Bb4 Bxb4 37.axb4 Ra3
38.Rxc4 Rxe3 39.Kg2 Rb3 40.Rxc6 Rxb4 41.Rc7+ Kf8 42.Rc8+ Ke7 43.Rc7+ Kd6
44.Rg7 Rb2+ 45.Kf1 e3  0-1

[Event "MTO"]
[Site "Biel SUI"]
[Date "2010.07.28"]
[Round "9"]
[White "Rosenthal,Jon"]
[Black "Pelletier,Y"]
[Result "0-1"]
[WhiteElo "2291"]
[BlackElo "2589"]

1.d4 Nf6 2.c4 e6 3.Nc3 Bb4 4.f3 c5 5.d5 O-O 6.e4 b5 7.Bd2 bxc4 8.Bxc4 Ba6
9.Bxa6 Nxa6 10.Nge2 exd5 11.e5 Bxc3 12.Bxc3 d4 13.exf6 dxc3 14.fxg7 Re8 15.bxc3 Qe7
16.Qd2 c4 17.Kf2 Nc5 18.Nf4 Qg5 19.Rhd1 Re5 20.Kg1 Rae8 21.Qd4 Ne6 22.Nxe6 R5xe6
23.f4 Qg4 24.f5 Qxf5 25.Qxc4 Re2 26.Rf1 Qg6 27.Rf2 Rxf2 28.Kxf2 Qb6+ 29.Kf1 Re6
30.Qd4 Qb2 31.Rd1 Qxa2 32.Kg1 d6 33.h3 a5 34.c4 a4 35.c5 Qc2 36.cxd6 Re2
37.Kh1 Rxg2 38.Qf4 Qc6 39.d7  0-1

[Event "21st Czech GM Open"]
[Site "Pardubice CZE"]
[Date "2010.07.29"]
[Round "7"]
[White "Richter,Mic"]
[Black "Kunte,A"]
[Result "1-0"]
[WhiteElo "2428"]
[BlackElo "2521"]

1.d4 Nf6 2.c4 e6 3.Nc3 Bb4 4.f3 d5 5.a3 Bxc3+ 6.bxc3 O-O 7.cxd5 exd5 8.e3 Re8
9.Bd3 c5 10.Ne2 b6 11.O-O Ba6 12.Ng3 Bxd3 13.Qxd3 Nc6 14.Bb2 Rc8 15.Rad1 h5
16.Rfe1 Qd7 17.e4 h4 18.Nf5 c4 19.Qd2 Ne7 20.Nxh4 dxe4 21.fxe4 Qg4 22.e5 Qxh4
23.g3 Ne4 24.gxh4 Nxd2 25.Rxd2 Nd5 26.Rf2 Rc6 27.a4 a6 28.Ref1 Ne3 29.Re1 Nd5
30.Kg2 Re7 31.Rf3 f6 32.Ba3 Ree6 33.exf6 Rxf6 34.Re5 Rxf3 35.Kxf3 Rf6+ 36.Kg4 Nxc3
37.d5 Rf2 38.Re8+ Kf7 39.Rf8+  1-0

[Event "5th Festival"]
[Site "Edmonton CAN"]
[Date "2010.07.30"]
[Round "4"]
[White "Gardner,R"]
[Black "Kraai,J"]
[Result "0-1"]
[WhiteElo "2151"]
[BlackElo "2502"]

1.d4 Nf6 2.c4 e6 3.Nc3 Bb4 4.f3 O-O 5.a3 Bxc3+ 6.bxc3 Nc6 7.e4 e5 8.Bg5 d6
9.Nh3 h6 10.Bh4 g5 11.Nxg5 Ne8 12.Qd2 hxg5 13.Bxg5 f6 14.Be3 Na5 15.Qf2 Rf7
16.Be2 Qe7 17.O-O Ng7 18.c5 dxc5 19.dxe5 Qxe5 20.Bxc5 Be6 21.Rad1 Bc4 22.Bxc4 Nxc4
23.Rd5 Qxc3 24.Rfd1 Re8 25.Qh4 b6 26.Bd4 Qc2 27.Bxf6 Ne3 28.R5d2 Qc6 29.Bxg7 Rxg7
30.Re1 Nc4 31.Rd5 Ne5 32.Kh1 Qg6 33.Qf2 c6 34.Rd2 Rh7 35.h3 Rf8 36.f4 Qg4
37.Rf1 Ng6 38.Rd3 Rxf4 39.Qa2+ Kg7 40.Qb2+ Kf7 41.Qb3+ Ke7 42.Rfd1 Ne5 43.Rg3 Qe2
44.Qb4+ c5 45.Qb1 Rhf7 46.Kh2 Nf3+ 47.Kh1 Nd2  0-1

[Event "Politiken Cup"]
[Site "Copenhagen DEN"]
[Date "2010.07.31"]
[Round "1"]
[White "Halldorsson,Br"]
[Black "Nielsen,Pet"]
[Result "1-0"]
[WhiteElo "2253"]
[BlackElo "1851"]

1.d4 Nf6 2.c4 e6 3.Nc3 Bb4 4.f3 d5 5.a3 Be7 6.e4 dxe4 7.fxe4 e5 8.d5 a5 9.Nf3 Bg4
10.Be2 Nbd7 11.Be3 O-O 12.O-O Re8 13.Rb1 Nc5 14.Nxe5 Bxe2 15.Qxe2 Bd6 16.Ng4 Ncxe4
17.Nxe4 Nxe4 18.Qf3 Qe7 19.Rbe1 Rf8 20.Bd4 f5 21.Nf2 Rae8 22.Nxe4 fxe4 23.Qe3 Rxf1+
24.Rxf1 b6 25.g3 h5 26.Rf5 Bc5 27.Bxc5 bxc5 28.Rxh5 Rf8 29.Rh4 Qf6 30.Rf4 Qxb2
31.Rxf8+ Kxf8 32.Qf2+ Qf6 33.Qxf6+ gxf6 34.Kf2 Kg7 35.g4 Kg6 36.h4 f5 37.gxf5+ Kxf5
38.Ke3 Kg4 39.Kxe4 Kxh4 40.Ke5 Kg4 41.d6  1-0

[Event "5th Festival"]
[Site "Edmonton CAN"]
[Date "2010.08.01"]
[Round "8"]
[White "Gardner,R"]
[Black "Panchanathan,M"]
[Result "0-1"]
[WhiteElo "2151"]
[BlackElo "2533"]

1.d4 Nf6 2.c4 e6 3.Nc3 Bb4 4.f3 d5 5.a3 Bxc3+ 6.bxc3 c5 7.cxd5 Nxd5 8.dxc5 Qa5
9.e4 Ne7 10.Be3 O-O 11.Qb3 Nd7 12.Bb5 a6 13.Bxd7 Bxd7 14.Ne2 Ba4 15.Qb4 Nc6
16.Qxa5 Nxa5 17.Rb1 e5 18.Rb4 Bb5 19.a4 Bc6 20.Kd2 f5 21.exf5 Bd5 22.Ng3 Rad8
23.Kc2 h6 24.Re1 Nc4 25.Bc1 a5 26.Rb1 Bc6 27.Ra1 b6 28.cxb6 Rd7 29.Be3 Rfd8
30.Nf1 Kf7 31.Re2 Rd1 32.Rxd1 Bxa4+ 33.Kb1 Rxd1+ 34.Ka2 Bc6 35.Ng3 Bd5 36.Bc5 Nxb6+
37.Kb2 Nc4+ 38.Kc2 Ra1 39.Ne4 a4 40.Nd6+ Nxd6 41.Bxd6 Bb3+ 42.Kd3 a3 43.Bxa3 Rxa3
44.Rxe5 Ra2 45.g4 Bd1 46.Re3 Rxh2 47.Ke4 Re2 48.Kd4  0-1

[Event "Politiken Cup"]
[Site "Copenhagen DEN"]
[Date "2010.08.02"]
[Round "4"]
[White "Harstad,C"]
[Black "Jorgensen,D"]
[Result "1/2-1/2"]
[WhiteElo "2044"]
[BlackElo "2216"]

1.d4 Nf6 2.c4 e6 3.Nc3 Bb4 4.f3 d5 5.a3 Bxc3+ 6.bxc3 c5 7.cxd5 Nxd5 8.Qd3 b6
9.e4 Ba6 10.c4 Ne7 11.d5 exd5 12.exd5 O-O 13.Bb2 Nc8 14.O-O-O Nd6 15.Qc3 Qg5+
16.Kb1 Nd7 17.h4 Qh6 18.g4 f6 19.g5 Qh5 20.gxf6 Nxf6 21.Bd3 Rae8 22.Ne2 Bc8
23.Nf4 Qf7 24.h5 Nf5 25.Ne6 Bxe6 26.dxe6 Qxe6 27.h6 Nxh6 28.Rxh6 gxh6 29.Be4 Kh8
30.Rh1 Kg7 31.Rg1+ Kh8 32.Rh1 Kg7  1/2-1/2

[Event "97th ch-GBR"]
[Site "Canterbury ENG"]
[Date "2010.08.04"]
[Round "9"]
[White "Cumbers,P"]
[Black "Josse,Mar"]
[Result "0-1"]
[WhiteElo "2218"]
[BlackElo "2128"]

1.d4 Nf6 2.c4 e6 3.Nc3 Bb4 4.f3 c5 5.d5 b5 6.e4 bxc4 7.Bxc4 exd5 8.Bxd5 Nxd5
9.Qxd5 Nc6 10.Ne2 Ba6 11.Kf2 Rc8 12.Be3 O-O 13.Rhd1 Re8 14.Kg1 Ne5 15.Nf4 Rc6
16.Qb3 Qg5 17.Kh1 Qh4 18.Ncd5 g5 19.Nxb4 cxb4 20.Nd5 Rh6 21.Bg1 g4 22.f4 Ng6
23.Qxb4 g3 24.e5 Ne7 25.Nxe7+ Qxe7 26.Qxe7 Rxe7 27.Rac1 Rh4 28.Rd4 Bb7 29.Rc3 gxh2
30.Bf2 Bxg2+  0-1

[Event "56th Aniv ITT"]
[Site "Villa Martelli ARG"]
[Date "2010.08.04"]
[Round "1"]
[White "Guerrero,Alv"]
[Black "Espinoza Palomino,W"]
[Result "1-0"]
[WhiteElo "2267"]
[BlackElo "2292"]

1.d4 Nf6 2.c4 e6 3.Nc3 Bb4 4.f3 c5 5.d5 Bxc3+ 6.bxc3 d6 7.e4 e5 8.Bd3 Nbd7
9.Ne2 Nf8 10.O-O Ng6 11.Bg5 h6 12.Be3 O-O 13.Qd2 Qe7 14.Kh1 Nh7 15.Ng3 Ng5
16.Nf5 Qf6 17.Rab1 Rb8 18.Ng3 Bd7 19.Nh5 Qe7 20.Ng3 Nh4 21.Qc2 Nh7 22.Nf5 Nxf5
23.exf5 Rfe8 24.Rfe1 Qd8 25.Bd2 Qa5 26.Rb2 Ba4 27.Qc1 Qd8 28.g4 a6 29.Qb1 b6
30.Rg1 Ng5 31.Rg3 Rb7 32.Be4 b5 33.Bd3 Qd7 34.h4 Nh7 35.g5 h5 36.f6 Nf8 37.fxg7 Ng6
38.Bxg6 fxg6 39.Qxg6 bxc4 40.Qxh5 Qxg7 41.Rxb7 Qxb7 42.g6 Qg7 43.Bh6 Qf6
44.Bg5 Qg7 45.Bf6  1-0

[Event "Arctic Chess Challenge"]
[Site "Tromso NOR"]
[Date "2010.08.06"]
[Round "7"]
[White "Khenkin,I"]
[Black "Urkedal,F"]
[Result "1-0"]
[WhiteElo "2632"]
[BlackElo "2414"]

1.d4 Nf6 2.c4 e6 3.Nc3 Bb4 4.f3 O-O 5.a3 Bxc3+ 6.bxc3 Ne8 7.e4 b6 8.Bd3 Nc6
9.Nh3 Ba6 10.O-O Na5 11.Qe2 f6 12.e5 c5 13.Ra2 Rc8 14.Rc2 Qc7 15.Re1 cxd4
16.cxd4 Bxc4 17.Bd2 b5 18.Qe4 f5 19.Qh4 Nc6 20.Bxc4 bxc4 21.Rxc4 Qb7 22.Qh5 d5
23.Rc5 Nxd4 24.Rxc8 Qxc8 25.Bb4 h6 26.Bxf8 Kxf8 27.Qh4 Qc4 28.Nf4 Qc5 29.Qf2 Nc7
30.Rd1 Nb3 31.Qxc5+ Nxc5 32.Nd3 Nd7 33.Rc1 Nb5 34.a4 Nd4 35.Rc7 Ke7 36.Nc5  1-0

[Event "Negroponte Open"]
[Site "Chalkis GRE"]
[Date "2010.08.12"]
[Round "4"]
[White "Ganguly,S"]
[Black "Romanishin,O"]
[Result "1/2-1/2"]
[WhiteElo "2655"]
[BlackElo "2544"]

1.d4 Nf6 2.c4 e6 3.Nc3 Bb4 4.f3 c5 5.d5 Nh5 6.Nh3 d6 7.g4 e5 8.Qc2 Nf6 9.Nf2 h5
10.h3 Nbd7 11.Bg5 Qa5 12.Bd2 a6 13.e3 Qc7 14.a3 Ba5 15.g5 Ng8 16.Nfe4 Ne7
17.b4 cxb4 18.axb4 Bxb4 19.Nb5 Bxd2+ 20.Qxd2 axb5 21.Rxa8 O-O 22.cxb5 Nb6
23.Ra1 Nbxd5 24.Kf2 Be6 25.Rc1 Qb6 26.Bc4 Nf5 27.Bxd5 Bxd5 28.Ng3 Nxg3 29.Kxg3 Be6
30.Rhd1 Qxb5 31.Rb1 Qc6 32.Qxd6 h4+ 33.Kf2 Qc2+ 34.Qd2 Qf5 35.Rg1 e4 36.f4  1/2-1/2

[Event "Negroponte Open"]
[Site "Chalkis GRE"]
[Date "2010.08.14"]
[Round "6"]
[White "Ganguly,S"]
[Black "Mahjoob,M"]
[Result "1-0"]
[WhiteElo "2655"]
[BlackElo "2546"]

1.d4 Nf6 2.c4 e6 3.Nc3 Bb4 4.f3 d5 5.a3 Bd6 6.e4 c5 7.cxd5 cxd4 8.Qxd4 exd5
9.Nxd5 Nxd5 10.Qxd5 O-O 11.Bd2 Qh4+ 12.Ke2 Qe7 13.Rd1 Nc6 14.Bg5 Qe5 15.Be3 Bc7
16.Qxe5 Bxe5 17.Rd2 Be6 18.f4 Bf6 19.Nf3 Na5 20.e5 Be7 21.Kf2 Nb3 22.Rd1 Rfc8
23.Bd3 g6 24.Nd4 Nxd4 25.Bxd4 Bd5 26.Rhe1 Rd8 27.Be3 b6 28.Be2 Rac8 29.Rd2 Be4
30.Rxd8+ Bxd8 31.Rd1 Bh4+ 32.g3 Be7 33.Rd4 Bf5 34.Rc4 f6 35.g4 Be6 36.Rxc8+ Bxc8
37.Bc4+ Kf8 38.Kg3 fxe5 39.fxe5 g5 40.Bd5 Ba6 41.Kf3 Bf1 42.Be6 h6 43.Bd4 Ke8
44.Ke4 Bf8 45.Bb3 Ke7 46.Bc3 Bg7 47.Bb4+ Ke8 48.Bd5 Bg2+ 49.Kd4 Bh3 50.Bf3 Bf1
51.Bd6 Kd7 52.b4 Bb5 53.Be4 Be2 54.Bf5+ Kc6 55.a4 a6 56.Be7 Bd1 57.b5+ axb5
58.axb5+ Kc7 59.Bd6+ Kb7 60.Bd7  1-0

[Event "8th Gyorgy Marx WGM"]
[Site "Paks HUN"]
[Date "2010.08.14"]
[Round "8"]
[White "Toth,Li"]
[Black "Galojan,L"]
[Result "1-0"]
[WhiteElo "2235"]
[BlackElo "2384"]

1.d4 Nf6 2.c4 e6 3.Nc3 Bb4 4.f3 c5 5.d5 Nh5 6.g3 Bxc3+ 7.bxc3 f5 8.Nh3 O-O
9.Bg2 d6 10.f4 Nf6 11.Ng5 e5 12.fxe5 dxe5 13.O-O Qd6 14.Rb1 Re8 15.Qc2 Na6
16.Rxf5 Bxf5 17.Qxf5 Nc7 18.Rxb7 Reb8 19.Rxc7 Qxc7 20.Ne6 Qd6 21.Be3 Rc8
22.Qg5 Qe7 23.Bh3 Nxd5 24.cxd5 Qxg5 25.Bxg5 Rab8 26.Be7 Kf7 27.Bd6 Rb1+ 28.Kf2 Kf6
29.Nxc5 Rd8 30.Ne4+ Kg6 31.c4 Ra1 32.c5 Rxa2 33.c6 Rc2 34.Be6 a5 35.c7 Re8
36.Bc5 a4 37.c8=Q Rxc8 38.Bxc8 a3 39.d6 a2 40.d7 a1=Q 41.d8=Q  1-0

[Event "Negroponte Open"]
[Site "Chalkis GRE"]
[Date "2010.08.15"]
[Round "7"]
[White "Sandipan,C"]
[Black "Friedel,J"]
[Result "1/2-1/2"]
[WhiteElo "2637"]
[BlackElo "2527"]

1.d4 Nf6 2.c4 e6 3.Nc3 Bb4 4.f3 d5 5.a3 Bxc3+ 6.bxc3 c5 7.cxd5 Nxd5 8.dxc5 Qa5
9.e4 Nf6 10.Be3 O-O 11.Kf2 Rd8 12.Qb3 Nfd7 13.Rd1 Rf8 14.Bb5 Qc7 15.Ne2 Nxc5
16.Qc4 b6 17.Bxc5 bxc5 18.Qd3 a6 19.Ba4 Ra7 20.Bc2 Nc6 21.e5 g6 22.f4 Ne7
23.h4 f6 24.h5 fxe5 25.Qg3 Nf5 26.Bxf5 exf4 27.Qh4 gxf5 28.Nxf4 Qe7 29.Qg3+ Qg7
30.Rhe1 Qxg3+ 31.Kxg3 Kf7 32.Rd6 Rg8+ 33.Kh2 Rb7 34.Rc6 Rb2 35.Rxc5 Rf2 36.Rc4 Kf6
37.Kg1 Rd2 38.Rc7 Bd7 39.c4 Rg4 40.Ne2 h6 41.g3 e5 42.Kf1 Be6 43.Rc6 Rxc4
44.Rxa6 Re4 45.Nc3 Rxe1+ 46.Kxe1 Rd3 47.Nb5 Ke7 48.Nc7 Bf7 49.Rxh6 Rxg3 50.Rh8 Rxa3
51.h6 Rh3 52.h7 Bg6 53.Rg8 Bxh7 54.Rg7+ Kf6 55.Ne8+ Ke6 56.Nc7+ Kf6  1/2-1/2

[Event "Negroponte Open"]
[Site "Chalkis GRE"]
[Date "2010.08.16"]
[Round "8"]
[White "Simeonidis,I"]
[Black "Atalik,E"]
[Result "0-1"]
[WhiteElo "2259"]
[BlackElo "2444"]

1.d4 Nf6 2.c4 e6 3.Nc3 Bb4 4.f3 d5 5.a3 Bxc3+ 6.bxc3 c5 7.cxd5 exd5 8.e3 O-O
9.Bd3 b6 10.Ne2 Ba6 11.O-O Re8 12.Ng3 Bxd3 13.Qxd3 Nc6 14.Bb2 c4 15.Qd2 Qd7
16.Rae1 Rad8 17.Qc2 Kh8 18.e4 Ng8 19.Bc1 f6 20.Nh5 b5 21.Nf4 Nge7 22.Re2 a5
23.Rfe1 b4 24.exd5 Nxd5 25.Nxd5 Rxe2 26.Qxe2 Qxd5 27.axb4 axb4 28.cxb4 Nxb4
29.Ba3 Nd3 30.Qe8+ Qg8 31.Qxg8+ Kxg8 32.Rd1 Rxd4 33.Kf1 c3 34.g3 c2 35.Rd2 Ra4
36.Rxd3 Rxa3 37.Rd8+ Kf7 38.Rc8 Ra1+  0-1

[Event "Negroponte Open"]
[Site "Chalkis GRE"]
[Date "2010.08.16"]
[Round "8"]
[White "Ganguly,S"]
[Black "Tukhaev,A"]
[Result "1-0"]
[WhiteElo "2655"]
[BlackElo "2518"]

1.d4 Nf6 2.c4 e6 3.Nc3 Bb4 4.f3 O-O 5.a3 Bxc3+ 6.bxc3 c5 7.e4 d6 8.Bd3 Nc6
9.Ne2 Qc7 10.Be3 b6 11.Ng3 Ba6 12.Qe2 cxd4 13.cxd4 Na5 14.Rc1 Nd7 15.O-O Rac8
16.f4 f6 17.Qg4 Rce8 18.a4 Bxc4 19.f5 Qc6 20.Bxc4 Nxc4 21.Bh6  1-0

[Event "44th Magistral"]
[Site "Mislata ESP"]
[Date "2010.08.17"]
[Round "2"]
[White "Arizmendi Martinez,J"]
[Black "Matnadze,A"]
[Result "1/2-1/2"]
[WhiteElo "2528"]
[BlackElo "2413"]

1.d4 Nf6 2.c4 e6 3.Nc3 Bb4 4.f3 c5 5.d5 Nh5 6.g3 f5 7.f4 O-O 8.Bg2 Nf6 9.Nh3 exd5
10.cxd5 d6 11.O-O h6 12.Nf2 Re8 13.Qc2 c4 14.Bd2 Na6 15.Rae1 Bc5 16.Kh1 Bd7
17.Ncd1 b5 18.a3 Nc7 19.Ba5 Bb6 20.Bxb6 axb6 21.Nc3 Na6 22.e4 fxe4 23.Nfxe4 Bf5
24.Qd2 b4 25.axb4 Nxb4 26.Nxf6+  1/2-1/2

[Event "6th Prospero A Pichay Cup"]
[Site "Manila PHI"]
[Date "2010.08.22"]
[Round "2"]
[White "Pascua,H"]
[Black "Gelashvili,T"]
[Result "1/2-1/2"]
[WhiteElo "2368"]
[BlackElo "2605"]

1.d4 Nf6 2.c4 e6 3.Nc3 Bb4 4.f3 Nh5 5.Nh3 f5 6.a3 Bxc3+ 7.bxc3 d6 8.Bg5 Nf6
9.Qd3 O-O 10.g4 fxg4 11.fxg4 Qe8 12.Bxf6 Rxf6 13.Bg2 Nc6 14.Nf2 Bd7 15.O-O Qe7
16.Ne4 Rxf1+ 17.Rxf1 b6 18.Ng3 Rf8 19.Rxf8+ Qxf8 20.Be4 h6 21.Qe3 e5 22.g5 Qf4
23.Bd5+ Kh8 24.Qxf4 exf4 25.Ne4 Nd8 26.gxh6 c6 27.hxg7+ Kxg7 28.Nxd6 cxd5
29.cxd5 Nf7 30.Ne4 Bf5 31.Nd2 Nd6 32.Kg2 Bg4 33.Kf2 Nb5 34.c4 Nxa3 35.e3 fxe3+
36.Kxe3 Bf5 37.c5 b5 38.d6 Kf6 39.Kf4 Nc4 40.Ne4+ Bxe4 41.Kxe4 a5 42.h4 a4
43.h5 a3 44.h6 a2 45.h7 Kg7 46.d7 a1=Q 47.h8=Q+ Kxh8 48.d8=Q+ Kg7 49.Qe7+ Kg6
50.Qe6+ Kg7 51.Qe7+  1/2-1/2

[Event "BDO Challengers"]
[Site "Haarlem NED"]
[Date "2010.08.24"]
[Round "4"]
[White "Steadman,M"]
[Black "Van Ruitenburg,J"]
[Result "1-0"]
[WhiteElo "2277"]
[BlackElo "2296"]

1.c4 Nf6 2.d4 e6 3.Nc3 Bb4 4.f3 d5 5.a3 Bxc3+ 6.bxc3 c5 7.cxd5 exd5 8.e3 O-O
9.Bd3 b6 10.Ne2 Ba6 11.O-O Re8 12.Ng3 Bxd3 13.Qxd3 Nc6 14.Bb2 h5 15.Rae1 g6
16.e4 h4 17.Nh1 Nh5 18.g3 cxd4 19.cxd4 Qd7 20.e5 hxg3 21.hxg3 Qh3 22.f4 Kg7
23.Qf3 Rh8 24.Re2 Kg8 25.Rh2 Qe6 26.g4 Ng7 27.Rxh8+ Kxh8 28.f5 gxf5 29.gxf5 Qh6
30.Ng3 Rc8 31.Rf2 Qg5 32.Rg2 Nxd4 33.Bxd4 Nxf5 34.Qxf5 Rc1+ 35.Kh2  1-0

[Event "6th Geller Memorial Open A"]
[Site "Odessa UKR"]
[Date "2010.08.26"]
[Round "6"]
[White "Kutsykh,M"]
[Black "Ivanenko,O2"]
[Result "0-1"]
[WhiteElo "2294"]
[BlackElo "2103"]

1.d4 Nf6 2.c4 e6 3.Nc3 Bb4 4.f3 Nc6 5.e4 e5 6.a3 exd4 7.axb4 dxc3 8.bxc3 O-O
9.Ne2 Re8 10.Nf4 d6 11.Be2 a5 12.O-O Bd7 13.Nd5 h6 14.Qe1 b6 15.Bd2 Ne5 16.Qg3 c6
17.Nxf6+ Qxf6 18.c5 dxc5 19.bxc5 bxc5 20.f4 Ng6 21.e5 Qd8 22.f5 Bxf5 23.Rxf5 Qxd2
24.Bc4 Nh8 25.Qf3 Qd7 26.Rd1 Qc7 27.Qe4 a4 28.e6 f6 29.e7+ Nf7 30.Rxf6 Qxe7
31.Re6 Qf8 32.Rf1 Kh8 33.Rxe8 Rxe8 34.Qg6 Qe7 35.Qxf7 Qxf7 36.Bxf7 Re3 37.Bg6 Kg8
38.Rd1 Kf8 39.Rd8+  0-1

[Event "Open"]
[Site "Bratto ITA"]
[Date "2010.08.28"]
[Round "9"]
[White "Cebalo,M"]
[Black "Iordachescu,V"]
[Result "1-0"]
[WhiteElo "2500"]
[BlackElo "2623"]

1.d4 Nf6 2.c4 e6 3.Nc3 Bb4 4.f3 d5 5.a3 Bxc3+ 6.bxc3 c5 7.cxd5 Nxd5 8.dxc5 Qa5
9.e4 Nf6 10.Be3 O-O 11.Qb3 Nfd7 12.Bb5 Na6 13.Bxa6 Qxa6 14.a4 Ne5 15.Qb5 Qxb5
16.axb5 Bd7 17.c6 bxc6 18.bxc6 Bxc6 19.Ne2 a5 20.Nd4 Bd7 21.Ke2 Rfc8 22.Bd2 Nc4
23.Rhb1 g6 24.Nc2 f5 25.exf5 exf5 26.Bf4 a4 27.Rb4 a3 28.Nd4 Be8 29.Kd3 Bf7
30.Nb5 Ra6 31.h4 a2 32.Nd4 Na3 33.Bc1 Bc4+ 34.Kd2 Nb1+ 35.Kc2 Bd5 36.Bb2 Ra5
37.Nb5 Ra6 38.Kd3 Rac6 39.Na7 Rxc3+ 40.Bxc3 Rxc3+ 41.Kd4 Bf7 42.Nb5 Rc2 43.Ke5 Rc5+
44.Kd4 Rd5+ 45.Ke3 Rd1 46.Rd4 Re1+ 47.Kf4 Re2 48.Ra4 Rxg2 49.Nd6 Bd5 50.Rd4 Nc3
51.Rd3 Rc2 52.Ke5 Bc6 53.Nc4 Nb5 54.Kf6 Nc7 55.Ne5 Bd5 56.h5 gxh5 57.Ra3 Kf8
58.Rd1 h4 59.f4 Rb2 60.Ra7 Rb6+ 61.Kxf5 Be6+ 62.Kg5 Rb1 63.Rd8+ Ke7  1-0

[Event "ch-RUS Higher League"]
[Site "Irkutsk RUS"]
[Date "2010.08.31"]
[Round "6"]
[White "Volkov,Sergey1"]
[Black "Zakhartsov,Vi"]
[Result "1-0"]
[WhiteElo "2597"]
[BlackElo "2608"]

1.d4 Nf6 2.c4 e6 3.Nc3 Bb4 4.f3 d5 5.a3 Bxc3+ 6.bxc3 c5 7.cxd5 Nxd5 8.dxc5 f5
9.Nh3 Qa5 10.Nf4 Nc6 11.Nxd5 exd5 12.Qd3 O-O 13.Bf4 Qxc5 14.e3 Be6 15.Kf2 Rfc8
16.Be2 Na5 17.Be5 Nc6 18.Bd4 Qd6 19.Rhb1 Rc7 20.f4 Rac8 21.a4 Qe7 22.a5 Nxd4
23.Qxd4 Rc5 24.Rb3 R8c7 25.g3 Kf8 26.h3 Bc8 27.Bf3 Be6 28.Raa3 Kg8 29.Kg2 Bf7
30.Ra2 Kf8 31.Kf2 Be6 32.Be2 Bc8 33.Bd3 R7c6 34.Rb5 Rxb5 35.Bxb5 Rc5 36.Be2 Qc7
37.g4 Rxc3 38.Qxa7 Qc5 39.Qxc5+ Rxc5 40.g5 Ke7 41.h4 Rc3 42.h5 Rc5 43.Bd3 Kd6
44.Ke2 Ke7 45.Kd2 Kd6 46.Ra1 Ke7 47.Bf1 Kd6 48.Be2 Ke7 49.Kd3 Kd6 50.Kd4 Rc2
51.Bd3 Rh2 52.Rb1 Rxh5 53.Rb5 g6 54.Rxd5+ Kc7 55.Rc5+ Kd8 56.Bc4 Rh2 57.Bd5 Rd2+
58.Ke5 Rd3 59.Kf6 Rxe3 60.Bg8 Bd7 61.Bxh7 Re6+ 62.Kf7 b6 63.Rd5 bxa5 64.Bxg6 Re7+
65.Kf8 a4 66.Bxf5 a3 67.Bxd7 Rxd7 68.Ra5  1-0

[Event "1st Campomanes Memorial Cup Open"]
[Site "Manila PHI"]
[Date "2010.08.31"]
[Round "5"]
[White "Pascua,H"]
[Black "Caturla,C"]
[Result "0-1"]
[WhiteElo "2368"]
[BlackElo "2250"]

1.d4 Nf6 2.c4 e6 3.Nc3 Bb4 4.f3 Bxc3+ 5.bxc3 O-O 6.e4 d6 7.Bd3 e5 8.Ne2 Re8
9.O-O c5 10.d5 Nbd7 11.g4 Nf8 12.Qe1 N6d7 13.h4 a5 14.g5 Ra6 15.Qg3 Rb6 16.Qh2 Nb8
17.Rf2 a4 18.Rg2 Qd7 19.Rg3 a3 20.Bxa3 Qa4 21.f4 exf4 22.Nxf4 Qxa3 23.Rf1 Rb2
24.Ne2 Nbd7 25.h5 Ne5 26.Qf2 Qa5 27.h6 Qc7 28.hxg7 Nfg6 29.Bb1 Qe7 30.Qh2 Bg4
31.Bd3 Qxg5 32.Rf5 Qd2 33.Rxe5 Qe1+ 34.Kg2 Rxe2+  0-1

[Event "ch-ESP"]
[Site "El Sauzal ESP"]
[Date "2010.09.05"]
[Round "2"]
[White "Illescas Cordoba,M"]
[Black "Farran Martos,F"]
[Result "1-0"]
[WhiteElo "2591"]
[BlackElo "2287"]

1.d4 e6 2.c4 Nf6 3.Nc3 Bb4 4.f3 d5 5.a3 Bxc3+ 6.bxc3 O-O 7.Bg5 h6 8.Bh4 c5
9.e3 Nc6 10.Bd3 cxd4 11.cxd4 e5 12.Bxf6 gxf6 13.Ne2 exd4 14.exd4 dxc4 15.Bxc4 Qa5+
16.Kf2 Rd8 17.Qb1 Ne5 18.Rc1 Nxc4 19.Rxc4 b6 20.Rb4 Ba6 21.Ng3 Rd5 22.Qe4 Rc8
23.Kg1 Rb5 24.Rxb5 Qxb5 25.Nf5 h5 26.Qf4  1-0